000 00334nam a2200121Ia 4500
005 20251222144739.0
008 251222s9999||||xx |||||||||||||| ||spa||
082 _a657.021.8/V47N
100 _aVera Paredes, IsaĆ­as
245 0 _aNormas Internacionales de Información Financiera
264 _bInformativo Vera Paredes
942 _cLIB
999 _c18898
_d18898